00359nam a2200133 450000500170000010000170001724500520003426400340008630000180012033600220013833700240016033800240018499900170020820260530113846.01 aICSID93071310aDesign for need / Social Contribution of Design 1bICSID by Pergamon Pressc1976 a154 páginas atexto2rdacontent asin medio2rdamedia avolumen2rdacarrier c11283d11283